[Event "HUN-ch U18"]
[Site "Paks"]
[Date "1998.??.??"]
[Round "8"]
[White "Toth, Andras"]
[Black "Simon, Nandor"]
[Result "1-0"]
[WhiteElo "2325"]
[BlackElo "2110"]

1.e4 e6 2.d4 d5 3.Nc3 Bb4 4.e5 Qd7 5.a3 Bf8 6.f4 b6 7.Bb5 c6 8.Ba4 a5 9.Nce2 Na6
10.c3 Nc7 11.Nf3 Ba6 12.O-O h6 13.Rf2 Bb5 14.Bc2 a4 15.g4 h5 16.gxh5 Rxh5
17.Ng3 Rh8 18.f5 c5 19.Ng5 Nh6 20.fxe6 Nxe6 21.Nf5 Be7 22.Nxe6 Nxf5 23.Nxc5 bxc5
24.Bxf5 Qa7 25.Be3 cxd4 26.cxd4 Bd7 27.Qf3 Bxf5 28.Qxf5 Bh4 29.Rg2 g6 30.Qd3 Qd7
31.Bf2 Bxf2+ 32.Rxf2 Rh3 33.Qe2 Ra7 34.Raf1 Rh4 35.e6 Qe7 36.Rxf7  1-0

[Event "Atom Cup IM 3rd"]
[Site "Paks"]
[Date "1998.??.??"]
[Round "9"]
[White "Sevo, Igor"]
[Black "Meszaros, Gyula"]
[Result "0-1"]
[WhiteElo "2155"]
[BlackElo "2305"]

1.e4 e6 2.d4 d5 3.Nc3 Bb4 4.e5 Ne7 5.a3 Bxc3+ 6.bxc3 c5 7.h4 Qa5 8.Bd2 Nbc6
9.h5 h6 10.Nf3 Bd7 11.Bd3 O-O-O 12.Rh4 c4 13.Bf1 f6 14.Qe2 fxe5 15.Nxe5 Nxe5
16.Qxe5 g5 17.Rh2 Nc6 18.Qg3 Qa4 19.Kd1 e5 20.dxe5 Bf5 21.Ra2 d4 22.Kc1 d3
23.cxd3 cxd3 24.Qf3 Bg4  0-1

[Event "Pardubice Czech op"]
[Site "Pardubice"]
[Date "1998.??.??"]
[Round "4"]
[White "Jounousov, Mouret"]
[Black "Komora, Andrej"]
[Result "0-1"]
[WhiteElo "2425"]
[BlackElo "2290"]

1.e4 e6 2.d4 d5 3.Nc3 Bb4 4.e5 Ne7 5.a3 Bxc3+ 6.bxc3 c5 7.Nf3 b6 8.Bb5+ Bd7
9.Bd3 c4 10.Be2 Ba4 11.h4 Nbc6 12.h5 h6 13.g4 Kd7 14.Nh4 Qg8 15.f4 g6 16.Ng2 gxh5
17.Rxh5 Nf5 18.Kf2 Ng7 19.Rh3 f5 20.exf6 Ne8 21.g5 Nd6 22.Bf3 hxg5 23.Rxh8 Qxh8
24.fxg5 Qh7 25.Bf4 Bxc2 26.Qh1 Qd3 27.Qh6 Nxd4 28.Qg7+ Kc6 29.cxd4 Qxd4+
30.Be3 Qxa1 31.Qe7 Be4 32.f7 Qb2+ 33.Be2 Qg7 34.Bh5 Rf8 35.Bf4 e5 36.Bxe5 Rxf7+
37.Bxf7 Qxf7+ 38.Qxf7 Nxf7 39.Bf6 Bxg2 40.Kxg2 Nd6 41.Kf3 Ne4 42.Bd8 Kd7  0-1

[Event "Telecom op"]
[Site "Pardubice"]
[Date "1998.??.??"]
[Round "5"]
[White "Vlcek, Stanislav"]
[Black "Rogovskoy, Alexander"]
[Result "1/2-1/2"]
[WhiteElo "2185"]
[BlackElo "2345"]

1.e4 e6 2.d4 d5 3.Nc3 Bb4 4.e5 Ne7 5.a3 Bxc3+ 6.bxc3 b6 7.a4 Ba6 8.Ne2 c5
9.Ba3 Nbc6 10.g3 Rc8 11.Bb2 O-O 12.Bh3 cxd4 13.cxd4 Nb4 14.Rc1 Qd7 15.Kf1 Qxa4
16.c3 Qxd1+ 17.Rxd1 Na2 18.Ra1 Bxe2+ 19.Kxe2 Nxc3+ 20.Kd3 Nb5 21.Ra4 Nc6
22.f4 a5 23.f5 Nb4+ 24.Rxb4 axb4 25.fxe6 Rce8 26.exf7+ Rxf7 27.Bc1 Nc3 28.Bf4 Rc7
29.Rc1 Nb5 30.Rb1 Rc3+ 31.Kd2 Nxd4 32.Rxb4 Rc4 33.Rxb6 Nf3+ 34.Kd1 Nxe5 35.Be6+ Rxe6
36.Rxe6 Ng4 37.Re7 Re4 38.Rxe4 dxe4 39.Ke2 Kf7 40.h3 Nf6 41.Ke3 Ke6 42.Kd4 Kf5
43.Bd2 h5 44.Bc1 g5 45.g4+ Nxg4 46.hxg4+ Kxg4 47.Kxe4 h4 48.Bxg5 Kxg5 49.Kf3 Kf5
50.Kg2 Kg4 51.Kh2 h3 52.Kh1 Kg3 53.Kg1 h2+ 54.Kh1 Kh3  1/2-1/2

[Event "Pardubice Czech op"]
[Site "Pardubice"]
[Date "1998.??.??"]
[Round "6"]
[White "Jaracz, Pawel"]
[Black "Potkin, Alexey V"]
[Result "1/2-1/2"]
[WhiteElo "2480"]
[BlackElo "2335"]

1.e4 e6 2.d4 d5 3.Nc3 Bb4 4.e5 Ne7 5.a3 Bxc3+ 6.bxc3 c5 7.Nf3 Qc7 8.a4 b6
9.Bb5+ Bd7 10.Bd3 Nbc6 11.O-O h6 12.Re1 O-O 13.Qd2 f6 14.exf6 Rxf6 15.Ba3 c4
16.Bf1 Ng6 17.Re3 Nce7 18.Bxe7 Nxe7 19.Ne5 Raf8 20.f3 Nc6 21.Nxd7 Qxd7 22.Qe2 Ne7
23.a5 bxa5 24.Rxa5 Rb8 25.Ra1 Nc6 26.g3 Kf7 27.f4 a5 28.Qh5+ Kg8 29.Bh3 Rb6
30.Rae1 Ne7 31.Qd1 a4 32.Qa1 Kf7 33.Qa3 Nf5 34.Re5 g6 35.Ra1 Rb7 36.Bxf5 Rxf5
37.Ree1 g5 38.fxg5 hxg5 39.h3 Kg7 40.Kg2 Qc6 41.Qxa4 Qxa4 42.Rxa4 Rbf7 43.Re2 Rf3  1/2-1/2

[Event "Pardubice Czech op"]
[Site "Pardubice"]
[Date "1998.??.??"]
[Round "6"]
[White "Kutuzovic, Branko"]
[Black "Komora, Andrej"]
[Result "1-0"]
[WhiteElo "2425"]
[BlackElo "2290"]

1.e4 e6 2.d4 d5 3.Nc3 Bb4 4.e5 Ne7 5.a3 Bxc3+ 6.bxc3 c5 7.Nf3 b6 8.Bb5+ Bd7
9.Bd3 c4 10.Be2 Ba4 11.h4 Nbc6 12.h5 h6 13.O-O Kd7 14.g3 Qg8 15.Kh2 Qh7 16.Ra2 f5
17.exf6 gxf6 18.Nh4 Rhg8 19.Re1 Rae8 20.Bg4 Nc8 21.Ng6 Nd6 22.Bf4 Ne4 23.Rxe4 dxe4
24.d5 Ne5 25.Bxe6+ Rxe6 26.dxe6+ Kxe6 27.Bxe5 fxe5 28.Qg4+ Kd5 29.Ne7+ Qxe7
30.Qxg8+ Kc5 31.Qg4 Qf7 32.Qe2 Be8 33.Qe3+ Kb5 34.Rb2+ Ka5 35.g4 Qf4+ 36.Qxf4 exf4
37.Rb1 b5 38.Rd1 Ka4 39.Rd8 Bc6 40.Rd6 Bb7 41.Rd7  1-0

[Event "HUN-ch op"]
[Site "Pecs"]
[Date "1998.??.??"]
[Round "2"]
[White "Tancsa, Robert"]
[Black "Berkes, Ferenc"]
[Result "0-1"]
[WhiteElo "2090"]
[BlackElo "2230"]

1.e4 e6 2.d4 d5 3.Nc3 Bb4 4.e5 Ne7 5.a3 Bxc3+ 6.bxc3 c5 7.Qg4 Qc7 8.Bd3 cxd4
9.Ne2 dxc3 10.Qxg7 Rg8 11.Qxh7 Nd7 12.Bf4 Nxe5 13.O-O Bd7 14.Qh5 N7c6 15.Nxc3 O-O-O
16.Nb5 Qb8 17.Nxa7+ Qxa7 18.Bxe5 Nxe5 19.Qxe5 Bc6 20.a4 Qa5 21.Rfb1 Rxg2+
22.Kf1 Rdg8 23.Qf4 R2g4 24.Qh6 d4 25.Re1 Bf3  0-1

[Event "HUN-ch op"]
[Site "Pecs"]
[Date "1998.??.??"]
[Round "4"]
[White "Molnar, B."]
[Black "Berkes, Ferenc"]
[Result "0-1"]
[WhiteElo "2365"]
[BlackElo "2230"]

1.e4 e6 2.d4 d5 3.Nc3 Bb4 4.e5 Ne7 5.a3 Bxc3+ 6.bxc3 c5 7.Qg4 Qc7 8.Qxg7 Rg8
9.Qxh7 cxd4 10.Ne2 Nbc6 11.f4 Bd7 12.Qd3 dxc3 13.Nxc3 a6 14.Rb1 Rc8 15.h4 Nf5
16.Rh3 Nce7 17.Bd2 Bc6 18.h5 Nh6 19.Rg3 Rxg3 20.Qxg3 Nef5 21.Qh3 d4 22.Nd1 Qd8
23.g4 Nh4 24.Rb3 Be4 25.f5 Rxc2 26.fxe6 Rxd2 27.exf7+ Nxf7 28.Kxd2 Qg5+ 29.Ke1 Nxe5
30.Be2 d3 31.Bxd3 Nhf3+ 32.Kf2 Nxg4+ 33.Kf1 Ngh2+ 34.Kf2 Qg1+  0-1

[Event "HUN-ch op"]
[Site "Pecs"]
[Date "1998.??.??"]
[Round "9"]
[White "Tancsa, Robert"]
[Black "Molnar, B."]
[Result "1/2-1/2"]
[WhiteElo "2090"]
[BlackElo "2365"]

1.e4 e6 2.d4 d5 3.Nc3 Bb4 4.e5 Ne7 5.a3 Bxc3+ 6.bxc3 c5 7.Qg4 Qc7 8.Bd3 cxd4
9.Ne2 dxc3 10.Qxg7 Rg8 11.Qxh7 Qxe5 12.Bf4 Qf6 13.h4 Nd7 14.Bg5 Qh8 15.Qxh8 Rxh8
16.Nxc3 a6 17.O-O-O f6 18.Be3 b5 19.h5 Bb7 20.f3 Kf7 21.Ne2 e5 22.Ng3 Ke6
23.Rhe1 Rag8 24.Bf2 f5 25.c3 Kd6 26.f4 e4 27.Bxe4 Rxg3 28.Bxg3 fxe4 29.Rxe4 Nf5
30.Bf2 Rxh5 31.g4 Rh2 32.Bg1 Ng3 33.Bxh2 Nxe4 34.Kc2 Ke6 35.Bg1 Ndf6 36.g5 Nh5
37.Be3 Kf5 38.Rf1 Nhg3 39.Rg1 Bc6 40.Kd3 Be8 41.Rg2 Bg6 42.a4 bxa4 43.c4 dxc4+
44.Kxc4 a5 45.Kb5 Nc3+ 46.Kxa5 Nge4 47.Bd4 a3 48.Kb4 a2 49.Rg1 Ne2 50.Ra1 Nxd4
51.Rxa2 Kxf4 52.Ra6 Nc2+ 53.Ka5 Kf5 54.Rxg6 Kxg6 55.Kb5 Ne3 56.Kc6 Nf5 57.Kd5 Ned6
58.Ke6 Nf7 59.Kd5 Ng7 60.Ke4 Nd6+ 61.Kd5 Ndf5 62.Ke5 Kf7 63.g6+ Ke7 64.Kd5 Kf6
65.Ke4 Ke6 66.Kd3 Kd5 67.Kc3 Kc5 68.Kb3 Kb5 69.Kc3 Ne7 70.Kb3 Nd5 71.Kb2 Kc4
72.Kc2 Ne3+ 73.Kb2 Kb4 74.Kb1 Kc3 75.Ka1 Kc2 76.Ka2 Nc4 77.Ka1 Nd2 78.Ka2 Nb3
79.Ka3 Nc1 80.Kb4 Kd3 81.Kc5 Kc3 82.Kd5 Nd3 83.Ke4 Nc5+ 84.Ke3 Nce6 85.Ke2 Nd4+
86.Kd1 Nb3 87.Ke2 Kd4 88.Kf3 Nc1 89.Kf4 Ne2+ 90.Kg5 Ke5 91.Kh6 Kf6 92.Kh7 Nd4
93.Kg8 Nde6 94.Kh7 Ke7 95.Kg8 Ke8 96.Kh8 Kf8 97.Kh7 Ke8 98.Kh8 Kd7 99.Kg8 Ke7
100.Kh7 Kf6 101.Kh6 Ke5 102.Kh7 Kf5 103.Kg8 Kf6 104.Kh8 Ng5 105.Kg8 N7e6
106.Kh8 Ng7 107.Kg8 Nh3 108.Kh7 Nf4 109.Kh6 Nfh5 110.Kh7 Ke5 111.Kg8 Ke6
112.Kh8 Ke7 113.Kg8 Kf6 114.Kh7 Kg5 115.Kg8  1/2-1/2

[Event "World op"]
[Site "Philadelphia"]
[Date "1998.??.??"]
[Round "6"]
[White "Sherman, David"]
[Black "Fayvinov, Zakhar"]
[Result "1-0"]
[WhiteElo "2155"]
[BlackElo "2255"]

1.e4 e6 2.d4 d5 3.Nc3 Bb4 4.e5 Ne7 5.Bd2 Nf5 6.Nf3 c5 7.dxc5 Bxc5 8.Bd3 Nc6
9.O-O Be7 10.Re1 h6 11.Ne2 Nh4 12.Nf4 Nxf3+ 13.Qxf3 Bg5 14.g3 g6 15.h4 Be7
16.a3 Qc7 17.c4 dxc4 18.Bxc4 Nd4 19.Qd3 Nf3+ 20.Qxf3 Qxc4 21.Rac1 Qb5 22.Rc7 Bd8
23.Nd5 f5 24.exf6 a5 25.Qe4  1-0

[Event "Saint Affrique op"]
[Site "Saint Affrique"]
[Date "1998.??.??"]
[Round "5"]
[White "Santo Roman, Marc"]
[Black "Kosten, Anthony C"]
[Result "1/2-1/2"]
[WhiteElo "2375"]
[BlackElo "2535"]

1.e4 e6 2.d4 d5 3.Nc3 Bb4 4.e5 Ne7 5.Bd2 b6 6.Nf3 Ba6 7.Bxa6 Nxa6 8.Ne2 Bxd2+
9.Qxd2 O-O 10.c3 Nb8 11.h4 Nbc6 12.Qd3 f6 13.Nf4 Qd7 14.exf6 gxf6 15.O-O-O Rae8
16.Rhe1 Nc8 17.Re2 Nd6 18.Rde1 Nd8 19.Nd2 Qf7 20.g3  1/2-1/2

[Event "Santiago Esucomex op"]
[Site "Santiago"]
[Date "1998.??.??"]
[Round "3"]
[White "Schweitzer, Juan"]
[Black "Rojas, Luis"]
[Result "0-1"]
[WhiteElo "2190"]
[BlackElo "2455"]

1.e4 e6 2.d4 d5 3.Nc3 Bb4 4.e5 Ne7 5.a3 Bxc3+ 6.bxc3 c5 7.Qg4 Kf8 8.Nf3 Qa5
9.Bd2 Qa4 10.Kd1 Nbc6 11.h4 b6 12.h5 h6 13.Rh3 Ba6 14.Bxa6 Qxa6 15.Nh4 Qf1+
16.Be1 Qc4 17.Rf3 Nxe5 18.Qf4 Nxf3 19.Nxf3 Qa4 20.g4 f6 21.g5 hxg5 22.Nxg5 Qd7
23.Qf3 Kg8 24.Nh3 e5  0-1

[Event "GER-ch U20"]
[Site "Schierke"]
[Date "1998.??.??"]
[Round "3"]
[White "Mai, Philipp"]
[Black "Buhmann, Rainer"]
[Result "1-0"]
[WhiteElo "2240"]
[BlackElo "2255"]

1.e4 e6 2.d4 d5 3.Nc3 Bb4 4.e5 Ne7 5.a3 Bxc3+ 6.bxc3 c5 7.Qg4 Qc7 8.Qxg7 Rg8
9.Qxh7 cxd4 10.Ne2 Nbc6 11.f4 Bd7 12.Qd3 dxc3 13.Nxc3 a6 14.Ne2 Na5 15.Nd4 Nc4
16.Rb1 O-O-O 17.g3 Nc6 18.Nf3 Ne7 19.Qc3 Bc6 20.Bg2 Nf5 21.O-O Qe7 22.Rd1 Qc5+
23.Nd4 Kc7 24.Kh1 Nxd4 25.Rxd4 b6 26.Bb2 Bb5 27.Qb3 Nxb2 28.Qxb2 Bc4 29.c3 b5
30.Qb4 Kb6 31.Kg1 Ra8 32.Qxc5+ Kxc5 33.Kf2 a5 34.Rd2 Rgb8 35.Rdb2 Bd3 36.Rd1 Bc4
37.Ra1 Ra7 38.Ke3 Rd7 39.Rd1 Rbd8 40.h4 d4+  1-0

[Event "GER-ch U20"]
[Site "Schierke"]
[Date "1998.??.??"]
[Round "8"]
[White "Paehtz, Elisabeth"]
[Black "Buhmann, Rainer"]
[Result "0-1"]
[WhiteElo "2160"]
[BlackElo "2255"]

1.e4 e6 2.d4 d5 3.Nc3 Bb4 4.e5 Ne7 5.a3 Bxc3+ 6.bxc3 c5 7.Qg4 Nf5 8.Bd3 h5
9.Qh3 cxd4 10.g4 Nh4 11.cxd4 Nc6 12.Ne2 Bd7 13.gxh5 Rxh5 14.Qg4 g6 15.Ng3 Rh7
16.c3 Na5 17.Ke2 Qc7 18.Bg5 Nf5 19.Rac1 Nc4 20.Nxf5 exf5 21.Qf4 Rc8 22.h4 Nb2
23.Bb1 Rh5 24.Rh3 Be6 25.Kf1 Qa5 26.Kg2 b5 27.Rg3 Rc4 28.Qd2 Na4 29.Bd3 Rc8
30.Be2 Rh7 31.Bf6 Kd7 32.Rb1 a6 33.Rb3 Nb6 34.f4 Qa4 35.Rb4 Qa5 36.Qc1 Nc4
37.Qa1 Qxa3 38.Qxa3 Nxa3 39.Rf3 Nc4 40.Kh2 Nd2 41.Re3 Ne4 42.Rb3 Nxf6 43.exf6 Rxh4+
44.Kg3 Rhh8 45.Ra3 Rc6 46.Bf3 Rhc8 47.Kf2 Kd6 48.Bg2 Kc7 49.Rb3 Kb6 50.Ke1 Rc4
51.Kd2 Ra4 52.Rb2 Rh8 53.Re5 Kc6 54.Kd3 Kd6 55.Ree2 Rh4 56.Rf2 Rg4 57.Rf3 Ra3
58.Bh3 Rg1 59.Bf1 Bd7 60.Be2 Ke6  0-1

[Event "Staufer op 10th"]
[Site "Schwaebisch Gmuend"]
[Date "1998.??.??"]
[Round "9"]
[White "Ciolac, Gheorghe"]
[Black "Dgebuadze, Alexandre"]
[Result "0-1"]
[WhiteElo "2375"]
[BlackElo "2470"]

1.e4 e6 2.d4 d5 3.Nc3 Bb4 4.e5 Ne7 5.Bd2 Nf5 6.Nf3 b6 7.Ne2 Bxd2+ 8.Qxd2 Ba6
9.g3 c5 10.c3 Nc6 11.Nf4 Bxf1 12.Kxf1 h5 13.h4 Rc8 14.Kg2 g6 15.Ne2 Kf8 16.Rhd1 Kg7
17.Rac1 Qe7 18.Qf4 Rc7 19.c4 dxc4 20.dxc5 b5 21.a4 Nb4 22.axb5 Nd3 23.Rxd3 cxd3
24.Ned4 Rxc5 25.Nc6 Qf8 26.Ra1 Qc8 27.Rxa7 Rxb5 28.Qg5 Rf8 29.Ne7 Nxe7 30.Qxe7 Qd8
31.Qxe6 d2 32.Qf6+ Kg8 33.Rxf7 Qxf6  0-1

[Event "POL-ch (Women)"]
[Site "Sopot"]
[Date "1998.??.??"]
[Round "?"]
[White "Grabarska, Barbara"]
[Black "Bobrowska, Monika"]
[Result "0-1"]
[WhiteElo "2245"]
[BlackElo "2320"]

1.e4 e6 2.d4 d5 3.Nc3 Bb4 4.e5 b6 5.a3 Bf8 6.f4 Ne7 7.Nf3 c5 8.Be3 Nf5 9.Bf2 Nc6
10.Bb5 Bd7 11.Ne2 Nxe5 12.Bxd7+ Nxd7 13.Qd3 c4 14.Qd2 Nf6 15.Nc3 Nd6 16.Bh4 Be7
17.Bxf6 Bxf6 18.O-O-O O-O 19.g4 b5 20.f5 Ne4 21.Qe3 exf5 22.gxf5 Re8 23.Rhg1 Nxc3
24.Qxc3 a5 25.Ne5 b4 26.Qg3 bxa3 27.bxa3 Qd6 28.Rde1 Rab8 29.h4 Qb6 30.Qc3 Bxe5
31.dxe5 d4 32.Qg3 Qb1+ 33.Kd2 c3+ 34.Kd3 Qb5+ 35.Kxd4 Qd7+ 36.Ke4 g6 37.fxg6 hxg6
38.Qxc3 Qf5+ 39.Ke3 Rxe5+ 40.Kd2 Qf4+  0-1

[Event "SVK-chT 9899"]
[Site "SVK"]
[Date "1998.??.??"]
[Round "3"]
[White "Blazek, Milos"]
[Black "Molnar, Vojtech"]
[Result "1/2-1/2"]
[WhiteElo "2045"]
[BlackElo "2220"]

1.e4 e6 2.d4 d5 3.Nc3 Bb4 4.e5 b6 5.Nf3 Qd7 6.Bd3 Ba6 7.O-O Bxd3 8.Qxd3 Nc6
9.Ne2 Bf8 10.Bd2 Nb4 11.Bxb4 Bxb4 12.c4 c6 13.Rac1 Nh6 14.Rc2 O-O 15.Ng3 Be7
16.b3 Rfc8 17.Nd2 Rc7 18.f4 g6 19.Nf3 a5 20.c5 bxc5 21.dxc5 Rb7 22.Rb1 Rb5
23.Rbc1 a4 24.Nd4 axb3 25.Nxb3 Ra4 26.Ne2 Rbb4 27.g3 Qb7 28.Ned4 Nf5 29.Nxf5 gxf5
30.g4 Rxf4 31.gxf5 Rxf5 32.Rg2+ Rg5 33.Rxg5+ Bxg5 34.Rc2 Rg4+ 35.Kh1 Qb4
36.Re2 Qf4 37.Re1 Rh4 38.Qe2 Qe4+ 39.Qxe4 Rxe4 40.Rxe4 dxe4 41.Na5 Be3 42.Nxc6 Bxc5
43.Kg2 Kf8 44.Kg3 Ke8 45.Kf4 e3 46.Kf3 Kd7 47.Na5 Bd4 48.Nc4 Kc6 49.Nxe3 Bxe5
50.h3 f5 51.Nc4 Bc7 52.Ne3 Kc5 53.a3 Kd4 54.a4 Ba5 55.Nxf5+  1/2-1/2

[Event "EST-chT"]
[Site "Tallinn"]
[Date "1998.??.??"]
[Round "4"]
[White "Zavoronkov, Vladimir"]
[Black "Remmel, Anto"]
[Result "1/2-1/2"]
[WhiteElo "2395"]
[BlackElo "2245"]

1.e4 e6 2.d4 d5 3.Nc3 Bb4 4.e5 Ne7 5.a3 Bxc3+ 6.bxc3 b6 7.h4 Ba6 8.Bxa6 Nxa6
9.Qg4 Nf5 10.h5 h6 11.Nf3 Qd7 12.Nh4 Rg8 13.a4 O-O-O 14.Qe2 Kb7 15.Nxf5 exf5
16.Rh4 c6 17.Ba3 Nc7 18.Kf1 Ne6 19.Bd6 g5 20.hxg6 Rxg6 21.Qf3 Rdg8 22.g3 f4
23.Rxf4 Nxf4 24.Qxf4 h5 25.Ke2 Rg5 26.a5 b5 27.a6+ Kc8 28.Bc5 R8g6 29.Rh1 Rf5
30.Qh4 f6 31.f4 Qg7 32.exf6 Rgxf6 33.Kf2 Re6 34.Re1 Rxe1 35.Kxe1 Rf7 36.Bd6 Qg6
37.Be5 Kd7 38.Kd2  1/2-1/2

[Event "Trinec op9798"]
[Site "Trinec"]
[Date "1998.??.??"]
[Round "?"]
[White "Walek, Milan"]
[Black "Dziadykiewicz, Tadeusz"]
[Result "1/2-1/2"]
[WhiteElo "2315"]
[BlackElo "2110"]

1.e4 e6 2.d4 d5 3.Nc3 Bb4 4.e5 Qd7 5.a3 Bf8 6.f4 h5 7.Nf3 b6 8.Be3 Ne7 9.g3 Nf5
10.Bf2 Ba6 11.Bxa6 Nxa6 12.Qd3 Qc8 13.h3 c6 14.O-O-O Nc7 15.g4 Nh6 16.Rhg1 Qa6
17.Nh4 Qxd3 18.cxd3 Be7 19.g5 Nf5 20.Nxf5 exf5 21.g6 Ne6 22.Ne2 h4 23.Kd2 Rh6
24.gxf7+ Kxf7 25.Rc1 Rc8 26.Be3 Rhh8 27.Rg2 Rc7 28.Ng1 Rhc8 29.Nf3 c5 30.Kd1 a5
31.a4 Rh8 32.b3 Rh6 33.Bd2 Rg6 34.Rxg6 Kxg6 35.dxc5 bxc5 36.Bxa5 Rb7 37.Kc2 Nxf4
38.Rh1 Kf7 39.d4 Ne6 40.dxc5 Bxc5 41.Rd1 Be7 42.Rxd5 g5 43.Bc3 g4 44.Nh2 g3
45.Nf3 Rc7 46.Kb2 Nf4 47.e6+ Kxe6 48.Re5+ Kd7 49.Rxf5 Nxh3 50.Bd4 Ke6 51.Re5+ Kf7
52.a5 Kg6 53.a6 Nf4 54.Rxe7 Rxe7 55.Nxh4+ Kg5 56.Nf3+ Kg4 57.Ng1 Re8 58.a7 Ne6
59.Bb6 Kf5 60.b4 Ke5 61.Kb3 Kd6 62.b5 Nc7 63.Kc4 Na8 64.Bd4 Kc7 65.Nf3 Kb7
66.Ne5 Nb6+ 67.Kd3 g2 68.Nf3 Kxa7 69.Nh4 Rg8 70.Bg1 Rg4 71.Nf3 Kb7 72.Ke2 Rb4
73.Ne1 Rxb5 74.Nxg2 Nd5 75.Ne3 Rb2+ 76.Kf3 Rb3 77.Ke4 Nc3+ 78.Kf3 Kc6 79.Bf2 Kd6
80.Bg3+ Ke6 81.Bf4 Kf6 82.Kf2 Kg6 83.Be5 Ne4+ 84.Kf3 Ng5+ 85.Ke2 Kh5 86.Bf4 Nh3
87.Be5 Ra3 88.Kf3 Ra4 89.Bd6 Ng5+ 90.Ke2 Ne4 91.Be5 Kg5 92.Kf3 Nd2+ 93.Kf2 Nc4
94.Nxc4 Rxc4 95.Kg2 Kg4 96.Bh2 Rc2+ 97.Kh1 Kf3 98.Bg1 Rc4 99.Bh2 Rh4 100.Kg1 Rd4
101.Kh1 Rd1+ 102.Bg1  1/2-1/2

[Event "Trinec op9798"]
[Site "Trinec"]
[Date "1998.??.??"]
[Round "?"]
[White "Siekaniec, Jan"]
[Black "Rogovskoy, Alexander"]
[Result "1-0"]
[WhiteElo "2205"]
[BlackElo "2380"]

1.e4 e6 2.d4 d5 3.Nc3 Bb4 4.e5 Ne7 5.a3 Bxc3+ 6.bxc3 b6 7.Qg4 Ng6 8.h4 h5
9.Qg3 Ba6 10.Bxa6 Nxa6 11.Qd3 Nb8 12.Nf3 Nc6 13.Ng5 Qd7 14.Qf3 Na5 15.Rb1 Nc4
16.Rb4 Rc8 17.g4 hxg4 18.Qxg4 Ne7 19.h5 Nf5 20.Nf3 c5 21.Rb3 cxd4 22.cxd4 Na5
23.Nh4 Nxb3 24.Nxf5 exf5 25.Qxg7 Rf8 26.Bh6 Qe7 27.cxb3 Qxa3 28.Rh3 Qb4+
29.Kf1 Kd7 30.e6+ Kxe6 31.Qe5+ Kd7 32.Qxd5+ Qd6 33.Qxf5+ Qe6 34.Qxe6+ Kxe6
35.Bxf8 Rxf8 36.Ke2 a5 37.Re3+ Kd5 38.Kd3 f6 39.h6 b5 40.Re7 a4 41.bxa4 bxa4
42.Ra7 Rh8 43.h7 a3 44.Rxa3 Rxh7 45.Ra5+ Ke6 46.Ke4 Rh2 47.Ra6+ Ke7 48.f4 Re2+
49.Kf5 Rd2 50.Re6+ Kd7 51.Re4 Kd6 52.Kxf6 Kd5 53.Re8 Rf2 54.f5 Kxd4 55.Kg6 Rg2+
56.Kf7 Kd5 57.f6 Kd6 58.Rd8+  1-0

[Event "JUG Cup"]
[Site "Ulcinj"]
[Date "1998.??.??"]
[Round "5"]
[White "Markovic, Ivan"]
[Black "Drasko, Milan"]
[Result "1/2-1/2"]
[WhiteElo "2445"]
[BlackElo "2515"]

1.e4 e6 2.d4 d5 3.Nc3 Bb4 4.e5 Ne7 5.a3 Bxc3+ 6.bxc3 c5 7.Qg4 O-O 8.Bd3 f5
9.exf6 Rxf6 10.Bg5 Rf7 11.Qh4 h6 12.Bxe7 Rxe7 13.Nf3 e5 14.dxe5 Rxe5+ 15.Kd2 Qxh4
16.Nxh4 Nc6 17.Rhe1 Bd7 18.Ng6 Rxe1 19.Rxe1 Kf7 20.Re3 Rd8 21.Rf3+ Ke6 22.h4 Be8
23.Nf4+ Ke5 24.Bg6 Bxg6 25.Nxg6+ Kd6 26.Rf5 b5 27.g4 a5 28.Rf7 Rd7 29.Rf8 Rd8
30.Rf7 Rd7 31.Rf8 Rd8  1/2-1/2

[Event "Villa Ballester op"]
[Site "Villa Ballester"]
[Date "1998.??.??"]
[Round "2"]
[White "Cervetto, Esteban"]
[Black "Rodriguez, Andres URU"]
[Result "0-1"]
[WhiteElo "2130"]
[BlackElo "2475"]

1.e4 e6 2.d4 d5 3.Nc3 Bb4 4.e5 Ne7 5.Nf3 b6 6.Bb5+ c6 7.Bd3 Ba6 8.a3 Bxc3+
9.bxc3 Bxd3 10.cxd3 Nd7 11.O-O O-O 12.Bg5 h6 13.Bxe7 Qxe7 14.Re1 c5 15.a4 Rfc8
16.Rc1 Rc7 17.dxc5 Qxc5 18.Nd4 a6 19.f4 Qa5 20.f5 Nf8 21.fxe6 fxe6 22.Qb3 Rac8
23.Rb1 b5 24.axb5 Rxc3 25.Qb4 Qxb4 26.Rxb4 axb5 27.Rd1 Ng6 28.Rxb5 Re8 29.Nf3 Nf4
30.d4 Rc2 31.Rd2 Rxd2 32.Nxd2 Ra8 33.Nb3 Ra2 34.g3 Ne2+ 35.Kf1 Rb2 36.Rb7 Nxd4
37.Nc5 Rxb7 38.Nxb7 Kf7  0-1

[Event "Villa Ballester op"]
[Site "Villa Ballester"]
[Date "1998.??.??"]
[Round "6"]
[White "Ricardi, Pablo"]
[Black "Rodriguez, Andres URU"]
[Result "0-1"]
[WhiteElo "2555"]
[BlackElo "2475"]

1.e4 e6 2.d4 d5 3.Nc3 Bb4 4.e5 Ne7 5.Bd2 b6 6.Qg4 Ng6 7.Nf3 Ba6 8.Nb5 Bxd2+
9.Nxd2 O-O 10.h4 Qd7 11.a4 c6 12.h5 Nxe5 13.dxe5 cxb5 14.axb5 Bxb5 15.c4 Bc6
16.Ra3 Qc7 17.f4 f5 18.exf6 Rxf6 19.Rg3 Qf7 20.Rh4 Nd7 21.Bd3 e5 22.Bg6 Qe7
23.f5 e4 24.h6 hxg6 25.hxg7 Qxg7 26.cxd5 Bxd5 27.fxg6 Ne5 28.Qh5 Rc8 29.Qh7+ Qxh7
30.gxh7+ Kh8 31.Nxe4 Re6 32.Kd1 Ng6  0-1

[Event "POL-chT2"]
[Site "Wisla"]
[Date "1998.??.??"]
[Round "?"]
[White "Zezulkin, Jurij"]
[Black "Masternak, Grzegorz"]
[Result "1-0"]
[WhiteElo "2505"]
[BlackElo "2380"]

1.e4 e6 2.d4 d5 3.Nc3 Bb4 4.e5 Ne7 5.a3 Bxc3+ 6.bxc3 c5 7.Qg4 Kf8 8.Nf3 Qa5
9.Bd2 Qa4 10.c4 Qxc2 11.dxc5 Nbc6 12.Be2 Qe4 13.Qh5 Ng6 14.Rd1 h6 15.Be3 Nf4
16.Bxf4 Qxf4 17.O-O g6 18.Qh3 Nxe5 19.Nxe5 Qxe5 20.Rfe1 Kg7 21.cxd5 exd5
22.Qb3 Re8 23.Bf1  1-0

[Event "S&W Masters 8th op"]
[Site "Witley"]
[Date "1998.??.??"]
[Round "2"]
[White "Hunt, Adam"]
[Black "Kelly, Bryan"]
[Result "1-0"]
[WhiteElo "2255"]
[BlackElo "2390"]

1.e4 e6 2.d4 d5 3.Nc3 Bb4 4.e5 Ne7 5.Bd2 b6 6.Qg4 Ng6 7.O-O-O c5 8.Nb5 Bxd2+
9.Rxd2 O-O 10.h4 cxd4 11.f4 f6 12.Bd3 fxe5 13.Bxg6 Rxf4 14.Bxh7+ Kxh7 15.Qh5+ Kg8
16.Qxe5 Rf1+ 17.Rd1 Nc6 18.Qg3 Rxd1+ 19.Kxd1 e5 20.h5 Bf5 21.Nf3 Qf6 22.h6 g6
23.Nc7 Rd8 24.Qg5 Qd6 25.Nh4 Be4 26.Nb5 Qe6 27.Rf1 Qe7 28.Rf6 Rf8 29.Rxg6+ Kh8
30.Qxe7 Nxe7 31.Re6 Ng8 32.Rxe5 Nxh6 33.Rxe4 dxe4 34.Ng6+ Kg7 35.Nxf8 Kxf8
36.Nxd4 Ng4 37.Ke2 Kg7 38.Nb5 Kf6 39.Nxa7 Ke5 40.Nc8  1-0

[Event "Untergrombach op"]
[Site "Untergrombach"]
[Date "1999.01.05"]
[Round "5"]
[White "Christ, R."]
[Black "Mueller, Thorsten"]
[Result "0-1"]
[WhiteElo "2270"]
[BlackElo "2025"]

1.e4 e6 2.d4 d5 3.Nc3 Bb4 4.e5 Qd7 5.Bd2 b6 6.Bb5 c6 7.Ba4 Ne7 8.Nce2 Bxd2+
9.Qxd2 Ba6 10.Nf3 Bxe2 11.Qxe2 b5 12.Bb3 a5 13.c3 c5 14.dxc5 Na6 15.Nd4 Rb8
16.c6 Nxc6 17.Nxb5 Nc5 18.Nd6+ Ke7 19.O-O Nxb3 20.axb3 Rxb3 21.Rfe1 h5 22.Rad1 h4
23.Rd3 g6 24.Rf3 Rh7 25.Qe3 Nxe5 26.Qg5+ Kxd6 27.Qxe5+ Ke7 28.Qf6+ Kd6 29.Rf4 h3
30.c4 Rd3 31.Rc1 Qc7 32.c5+ Kc6 33.Rf3 hxg2 34.h3 Rxh3 35.Rg3 Rdxg3 36.fxg3 Qxg3  0-1

[Event "Linares Anibal op"]
[Site "Linares"]
[Date "1999.01.09"]
[Round "2"]
[White "Prasad, Devaki V"]
[Black "Nogueiras, Jesus"]
[Result "0-1"]
[WhiteElo "2405"]
[BlackElo "2510"]

1.e4 e6 2.d4 d5 3.Nc3 Bb4 4.e5 Ne7 5.a3 Bxc3+ 6.bxc3 c5 7.h4 Qa5 8.Bd2 cxd4
9.cxd4 Qa4 10.Nf3 b6 11.Qb1 Ba6 12.Qb3 Qxb3 13.cxb3 Bxf1 14.Rxf1 Nbc6 15.Rc1 f6
16.Bb4 Rc8 17.Kd2 fxe5 18.dxe5 Kd7 19.Bxe7 Nxe7 20.Rxc8 Rxc8 21.Nd4 Re8 22.f4 g6
23.g4 h5 24.g5 Rc8 25.Rf3 Rc5 26.Rc3 Nc6 27.b4 Rc4 28.Rxc4 dxc4 29.Nb5 Ne7
30.Nxa7 Nf5 31.Kc3 Nxh4 32.Nb5 Nf3 33.Nd6 h4 34.Ne4 b5 35.a4 bxa4 36.Kxc4 h3
37.Nf2 h2 38.b5 a3 39.Kb3 Nd4+ 40.Kxa3 Nxb5+ 41.Kb4 Nd4 42.Kc4 Ne2 43.Nh1 Nxf4
44.Kd4 Nh3 45.Ke4 Nxg5+ 46.Kf4 Nf7 47.Kg3 Nxe5 48.Kxh2 Nf7 49.Kg3 e5 50.Nf2 Nd6  0-1

[Event "BL2-O9899"]
[Site "Germany"]
[Date "1999.01.10"]
[Round "4.7"]
[White "Tran, Phat"]
[Black "Schultz, Andreas"]
[Result "1-0"]
[WhiteElo "2265"]
[BlackElo "2155"]

1.e4 e6 2.d4 d5 3.Nc3 Bb4 4.e5 Ne7 5.a3 Bxc3+ 6.bxc3 c5 7.Qg4 O-O 8.Nf3 Nbc6
9.Bd3 f5 10.exf6 Rxf6 11.Bg5 Rf7 12.Qh5 g6 13.Qh4 Qa5 14.Bd2 c4 15.Be2 Nf5
16.Qg5 Nd6 17.h4 Ne4 18.Qe3 Bd7 19.h5 gxh5 20.Rxh5 Raf8 21.Bxc4 Rf5 22.Rxf5 exf5
23.Be2 f4 24.Qd3 Re8 25.c4 Nxd2 26.Qxd2 dxc4 27.Qxa5 Nxa5 28.Ne5 Be6 29.Kd2 Bd5
30.Rh1 Nc6 31.Nxc6 bxc6 32.Rh4 c3+ 33.Kd3 Kh8 34.Bf3 Bxf3 35.gxf3 Kg7 36.Rg4+ Kf6
37.Rxf4+ Kg5 38.Rg4+ Kf5 39.Rh4 Rh8 40.f4 h5 41.f3 Kg6 42.Kxc3 Re8 43.Kd2 Rb8
44.Kd3 Rb1 45.Kc4 Rc1 46.Rh2 Rf1 47.Kc5 Rxf3 48.Kxc6 Rxa3 49.c4 Rf3 50.d5 Rxf4
51.c5 Rd4 52.d6  1-0

[Event "BL2-O9899"]
[Site "Germany"]
[Date "1999.01.10"]
[Round "4.1"]
[White "Mischustov, Michael"]
[Black "Spiess, Gunter"]
[Result "0-1"]
[WhiteElo "2380"]
[BlackElo "2405"]

1.e4 e6 2.d4 d5 3.Nc3 Bb4 4.e5 b6 5.Bd2 Qd7 6.Qg4 Bf8 7.Bb5 c6 8.Ba4 Ba6
9.Nge2 Ne7 10.Ng3 b5 11.Bb3 c5 12.a4 b4 13.Nb5 Ng6 14.c4 dxc4 15.Bxc4 Nc6
16.Nd6+ Bxd6 17.Bxa6 Be7 18.dxc5 O-O 19.Be3 Ncxe5 20.Qe2 f5 21.f4 Ng4 22.Rc1 Nh4
23.Rc2 Nxg2+  0-1

[Event "Tapolca op"]
[Site "Budapest"]
[Date "1999.01.15"]
[Round "8"]
[White "Lengyel, Bela"]
[Black "Hetenyi, Geza"]
[Result "1/2-1/2"]
[WhiteElo "2385"]
[BlackElo "2215"]

1.e4 e6 2.d4 d5 3.Nc3 Bb4 4.e5 Qd7 5.Bd2 b6 6.Nce2 Bf8 7.Nf3 Ba6 8.a4 Nc6
9.Nf4 Bxf1 10.Kxf1 Nge7 11.g4 g6 12.Kg2 Bg7 13.Qe2 h5 14.h3 Bh6 15.Nd3 Bxd2
16.Qxd2 Ng8 17.Nf4 Qe7 18.Qc3 Kd7 19.Nd3 Nh6 20.Kg3 Rac8 21.Qd2 Ke8 22.b4 a5
23.c3 Kf8 24.Rhb1 Kg7 25.Qf4 Rcf8 26.b5 Nb8 27.Rc1 Nd7 28.Kg2 g5 29.Qxg5+ Qxg5
30.Nxg5 hxg4 31.hxg4 Kg6 32.Nf3 Nxg4 33.Nf4+ Kf5 34.Ne2 f6 35.Ng3+ Kg6  1/2-1/2